Statistiques concernant Focus sur: Reg Cattermole - Harry Potter

Cliquez ici pour prendre le quiz!

Statistiques générales

  • Ce quiz a été pris 29 fois
  • Le résultat moyen est 5 sur 9

Statistiques - réponses

Informations recherchéesRéponses% Correct
Première apparitionHarry Potter et les Reliques de la Mort
100%
ProfessionEmployé du Ministère de la Magie
96%
Lieu de rencontre avec Harry PotterMinistère de la Magie
96%
Vrai prénomReginald
87%
EpouseMary Cattermole
78%
FilsAlfred Cattermole
30%
FilleEllie Cattermole
22%
FilleMaisie Cattermole
22%
Acteur l'interprétant dans les filmsSteffan Rhodri
17%

Distribution des résultats

Percentile par nombre de réponses

% des personnes avec chaque résultat

Votre développement - résultats

Vous n’avez pas pris ce quiz